Regional economic development analysis and planning strategy

Salvato in:
Dettagli Bibliografici
Autore principale: Stimson, Robert J.
Altri autori: Stough, Roger R., Roberts, Brian H.
Natura: Libro
Lingua:inglese
Pubblicazione: Berlin Springer 2006
Edizione:2nd ed.
Soggetti:
Tags: Aggiungi Tag
Nessun Tag, puoi essere il primo ad aggiungerne!!

MARC

LEADER 00000nam$a2200000$$$4500
001 0089496
005 20240314085916.7
020 |a 3-540-34826-3 
020 |a 978-3-540-34826-9 
041 0 |a eng 
044 |a DE 
245 1 0 |a Regional economic development  |b analysis and planning strategy  |c Robert J. Stimson, Roger R. Stough, Brian H. Roberts 
250 |a 2nd ed. 
264 1 |a Berlin  |b Springer  |c 2006 
300 |a 452 s. 
610 2 0 |a rozvoj hospodársky 
610 2 0 |a rozvoj regionálny 
610 2 0 |a analýzy 
610 2 0 |a plánovanie 
610 2 0 |a regióny 
610 2 0 |a modely 
610 2 0 |a hospodárstvo regionálne 
610 2 0 |a konkurencieschopnosť 
610 2 0 |a riziko 
610 2 0 |a rozhodovanie 
610 2 0 |a štúdie prípadové 
100 1 |a Stimson, Robert J. 
700 1 |a Stough, Roger R. 
700 1 |a Roberts, Brian H.